[Event "Mauricie op"]
[Site "Trois-Rivieres CAN"]
[Date "2005.03.19"]
[Round "3"]
[White "Malek, Omid"]
[Black "Plante, Rejean"]
[Result "1/2-1/2"]
[WhiteElo "2016"]
[BlackElo "2100"]
[PlyCount "91"]
[GameId "2160767910965425"]
[EventDate "2005.03.18"]
[EventType "swiss"]
[EventRounds "5"]
[EventCountry "CAN"]
[SourceTitle "EXT 2006"]
[Source "ChessBase"]
[SourceDate "2005.11.24"]
[SourceVersion "1"]
[SourceVersionDate "2005.11.24"]
[SourceQuality "1"]

1. e4 c5 2. Nf3 Nc6 3. Nc3 g6 4. Bb5 Bg7 5. O-O Qb6 6. a4 e6 7. Bxc6 Qxc6 8. d4 Ne7 9. d5 Qb6 10. a5 Qa6 11. Be3 d6 12. e5 exd5 13. Nxd5 Nxd5 14. Qxd5 Be6 15. Qxd6 Qxd6 16. exd6 O-O 17. c3 Rac8 18. Bf4 Rfd8 19. Rfd1 f6 20. b4 cxb4 21. cxb4 Rc4 22. Rd4 g5 23. Rxc4 Bxc4 24. Bg3 Bf8 25. Rd1 Be2 26. Rd2 Bxf3 27. gxf3 Kf7 28. Rc2 Ke6 29. Kf1 Bxd6 30. Bxd6 Rxd6 31. Rc7 Rd7 32. Rc4 Kd5 33. Rc5+ Kd4 34. Ke2 Rd5 35. Rc7 Rb5 36. a6 bxa6 37. Rxa7 Rb6 38. Rxh7 Rxb4 39. Rd7+ Ke5 40. Re7+ Kf5 41. Kf1 Rb6 42. Kg2 Re6 43. Ra7 Ke5 44. Kg3 Rd6 45. Re7+ Re6 46. Rc7 1/2-1/2

[Event "Mauricie op"]
[Site "Trois-Rivieres CAN"]
[Date "2005.03.19"]
[Round "3"]
[White "Poirier, Erik"]
[Black "Leger, Michel"]
[Result "1-0"]
[WhiteElo "2107"]
[BlackElo "1972"]
[PlyCount "49"]
[GameId "2160767910965426"]
[EventDate "2005.03.18"]
[EventType "swiss"]
[EventRounds "5"]
[EventCountry "CAN"]
[SourceTitle "EXT 2006"]
[Source "ChessBase"]
[SourceDate "2005.11.24"]
[SourceVersion "1"]
[SourceVersionDate "2005.11.24"]
[SourceQuality "1"]

1. d4 Nf6 2. c4 c5 3. d5 e5 4. Nc3 d6 5. e4 g6 6. h3 Bg7 7. Nf3 O-O 8. Bd3 Na6 9. a3 Nc7 10. Be3 Nh5 11. g3 Qe8 12. Qd2 Bd7 13. g4 Nf6 14. b4 b6 15. bxc5 bxc5 16. Rb1 Rb8 17. Ke2 Rb6 18. Rxb6 axb6 19. Rb1 Qd8 20. Qb2 Nxg4 21. hxg4 Bxg4 22. Rg1 f5 23. exf5 Qf6 24. Qxb6 Na8 25. Qb7 1-0

[Event "Mauricie op"]
[Site "Trois-Rivieres CAN"]
[Date "2005.03.19"]
[Round "3"]
[White "Rivest, Jean-Michel"]
[Black "Pepin, Christian"]
[Result "1/2-1/2"]
[WhiteElo "1913"]
[BlackElo "2019"]
[PlyCount "48"]
[GameId "2160767910965427"]
[EventDate "2005.03.18"]
[EventType "swiss"]
[EventRounds "5"]
[EventCountry "CAN"]
[SourceTitle "EXT 2006"]
[Source "ChessBase"]
[SourceDate "2005.11.24"]
[SourceVersion "1"]
[SourceVersionDate "2005.11.24"]
[SourceQuality "1"]

1. e4 c6 2. d4 d5 3. Nc3 dxe4 4. Nxe4 Bf5 5. Ng3 Bg6 6. Nf3 e6 7. h4 h6 8. h5 Bh7 9. Bd3 Bxd3 10. Qxd3 Nf6 11. Bf4 Bd6 12. Bxd6 Qxd6 13. O-O-O Nbd7 14. Kb1 O-O-O 15. Ne4 Qd5 16. Nxf6 gxf6 17. c4 Qd6 18. Qe4 Qb4 19. b3 f5 20. Qe3 Qb6 21. g3 Rde8 22. Qf4 Qc7 23. Qe3 Qb6 24. Qf4 Qc7 1/2-1/2

[Event "Mauricie op"]
[Site "Trois-Rivieres CAN"]
[Date "2005.03.19"]
[Round "3"]
[White "St Amand, Paul Jr"]
[Black "Masse, Hugues"]
[Result "1/2-1/2"]
[WhiteElo "2110"]
[BlackElo "2217"]
[PlyCount "132"]
[GameId "2160767910965428"]
[EventDate "2005.03.18"]
[EventType "swiss"]
[EventRounds "5"]
[EventCountry "CAN"]
[SourceTitle "EXT 2006"]
[Source "ChessBase"]
[SourceDate "2005.11.24"]
[SourceVersion "1"]
[SourceVersionDate "2005.11.24"]
[SourceQuality "1"]

1. e4 e5 2. Nf3 Nc6 3. Bb5 a6 4. Ba4 Nf6 5. O-O b5 6. Bb3 Bb7 7. Re1 Bc5 8. c3 d6 9. d4 Bb6 10. Be3 O-O 11. d5 Ne7 12. Bxb6 cxb6 13. Nbd2 h6 14. Nf1 Bc8 15. Ng3 Ne8 16. Qd2 Kh7 17. Rad1 Bd7 18. c4 bxc4 19. Bxc4 g6 20. Qe2 b5 21. Bb3 f5 22. Nd2 f4 23. Ngf1 g5 24. f3 Rg8 25. g4 fxg3 26. hxg3 Ng6 27. Ne3 Qf6 28. Qh2 Rh8 29. Ng4 Qf8 30. Rc1 Kg7 31. Nf2 Qe7 32. Nd3 Nf6 33. Rc7 Rhc8 34. Rec1 Rxc7 35. Rxc7 Qd8 36. Rc2 Rc8 37. Rxc8 Qxc8 38. Qf2 Qc7 39. Kg2 Bc8 40. Qg1 Qd7 41. Nf2 Qa7 42. Nd3 Qxg1+ 43. Kxg1 Nh5 44. Kf2 g4 45. Bd1 gxf3 46. Bxf3 Nf6 47. Nb3 Kf7 48. Ke3 Ke7 49. Na5 Kd7 50. b4 Kc7 51. Nf2 Bd7 52. Nb3 Ne7 53. Kd3 Nc8 54. Nd2 Ne7 55. Ke3 Ng6 56. Be2 Kd8 57. Nf1 Ne7 58. Nd2 Ng6 59. Nf1 Nf8 60. Nd2 N8h7 61. Nb1 Ng5 62. Nd2 Kc7 63. Nf3 Nxf3 64. Bxf3 Kd8 65. Be2 Ke7 66. Nd1 Kd8 1/2-1/2

[Event "Mauricie op"]
[Site "Trois-Rivieres CAN"]
[Date "2005.03.19"]
[Round "3"]
[White "Sullivan, Neil"]
[Black "Beaudoin, Stephane"]
[Result "0-1"]
[WhiteElo "2044"]
[BlackElo "2044"]
[PlyCount "44"]
[GameId "2160767910965429"]
[EventDate "2005.03.18"]
[EventType "swiss"]
[EventRounds "5"]
[EventCountry "CAN"]
[SourceTitle "EXT 2006"]
[Source "ChessBase"]
[SourceDate "2005.11.24"]
[SourceVersion "1"]
[SourceVersionDate "2005.11.24"]
[SourceQuality "1"]

1. e4 g6 2. d4 Bg7 3. Be3 c6 4. Qd2 d5 5. Nc3 dxe4 6. Nxe4 Nd7 7. Bc4 Ndf6 8. Nxf6+ Nxf6 9. O-O-O O-O 10. f3 b5 11. Be2 Be6 12. Kb1 a5 13. Bh6 a4 14. Bxg7 Kxg7 15. h4 Qd5 16. b3 axb3 17. axb3 Ra3 18. Qb4 Rfa8 19. Kc1 Qd7 20. Kd2 Nd5 21. Qc5 Qc7 22. Rb1 Qf4+ 0-1

[Event "Mauricie op"]
[Site "Trois-Rivieres CAN"]
[Date "2005.03.19"]
[Round "3"]
[White "Trinh, Tri Bao"]
[Black "Gilbert, Erick"]
[Result "1-0"]
[WhiteElo "2004"]
[BlackElo "1921"]
[PlyCount "99"]
[GameId "2160767910965430"]
[EventDate "2005.03.18"]
[EventType "swiss"]
[EventRounds "5"]
[EventCountry "CAN"]
[SourceTitle "EXT 2006"]
[Source "ChessBase"]
[SourceDate "2005.11.24"]
[SourceVersion "1"]
[SourceVersionDate "2005.11.24"]
[SourceQuality "1"]

1. e4 c5 2. c3 Nf6 3. e5 Nd5 4. d4 cxd4 5. Nf3 e6 6. cxd4 Nc6 7. Nc3 Bb4 8. Bd2 Qa5 9. Qb3 Qb6 10. Nxd5 Bxd2+ 11. Nxd2 exd5 12. Qxb6 axb6 13. Nf3 Nb4 14. Kd2 Rxa2 15. Rxa2 Nxa2 16. Bb5 Nb4 17. Ba4 O-O 18. Bb3 d6 19. Rc1 Bg4 20. Rc7 Bxf3 21. gxf3 dxe5 22. dxe5 Nc6 23. f4 g5 24. Ke3 gxf4+ 25. Kxf4 Nd4 26. Bxd5 Ne6+ 27. Bxe6 fxe6+ 28. Ke3 Ra8 29. Rxb7 Ra5 30. Rxb6 Rxe5+ 31. Kf4 Rf5+ 32. Kg3 Kf7 33. h4 h5 34. b4 e5 35. f3 Ke7 36. b5 Kd7 37. Rb7+ Kd6 38. Rg7 e4 39. fxe4 Rxb5 40. Rg5 Rb1 41. Rxh5 Re1 42. Kf4 Rf1+ 43. Kg5 Ke5 44. Kg6+ Kxe4 45. Rg5 Ra1 46. h5 Kf4 47. Rf5+ Kg4 48. h6 Rh1 49. Ra5 Kf4 50. Rh5 1-0

[Event "Mauricie op"]
[Site "Trois-Rivieres CAN"]
[Date "2005.03.20"]
[Round "4"]
[White "Bolduc, Steve"]
[Black "Robichaud, Louis"]
[Result "1/2-1/2"]
[WhiteElo "2262"]
[BlackElo "2112"]
[PlyCount "135"]
[GameId "2160767910965431"]
[EventDate "2005.03.18"]
[EventType "swiss"]
[EventRounds "5"]
[EventCountry "CAN"]
[SourceTitle "EXT 2006"]
[Source "ChessBase"]
[SourceDate "2005.11.24"]
[SourceVersion "1"]
[SourceVersionDate "2005.11.24"]
[SourceQuality "1"]

1. d4 Nf6 2. c4 g6 3. Nc3 Bg7 4. e4 d6 5. Nge2 O-O 6. Ng3 c5 7. d5 e6 8. Be2 exd5 9. cxd5 a6 10. a4 Nbd7 11. O-O Re8 12. Qc2 b6 13. Bd2 Bb7 14. Rae1 Qc7 15. f4 c4 16. Kh1 Rac8 17. Bf3 Qb8 18. Re2 b5 19. axb5 axb5 20. Nxb5 Bxd5 21. Nxd6 Qxd6 22. exd5 Nxd5 23. Rxe8+ Rxe8 24. Qxc4 N5b6 25. Qc2 Rc8 26. Bc3 Bxc3 27. bxc3 Qc7 28. Ne2 Nf6 29. Qa2 Qc5 30. Qa7 Rc7 31. Qb8+ Kg7 32. Rd1 Rd7 33. Rxd7 Nbxd7 34. Qb4 h5 35. Qxc5 Nxc5 36. g3 Ng4 37. h3 Nf2+ 38. Kg2 Nd1 39. Bc6 f5 40. Kf3 Nd3 41. Kg2 Ne3+ 42. Kg1 Kf6 43. Bb5 Nc5 44. Kf2 Nc2 45. Bc6 Nd3+ 46. Kg1 Ne3 47. Bb5 Nc5 48. c4 Ne4 49. Kh2 Nd6 50. Nc3 Ndxc4 51. Nd5+ Nxd5 52. Bxc4 Nc7 53. Kg2 Ne8 54. Kf3 Nd6 55. Bd5 Ke7 56. Ke3 Kf6 57. h4 Ke7 58. Kd4 Kf6 59. Bc6 Ke7 60. Kc5 Nf7 61. Bd5 Nd6 62. Bf3 Ne8 63. Bc6 Nd6 64. Bd5 Ne8 65. Bf3 Nd6 66. Kd5 Nf7 67. Bd1 Nd6 68. Bc2 1/2-1/2

[Event "Mauricie op"]
[Site "Trois-Rivieres CAN"]
[Date "2005.03.20"]
[Round "4"]
[White "Cazelais, Marc"]
[Black "Berube, Antoine"]
[Result "1/2-1/2"]
[WhiteElo "2202"]
[BlackElo "2089"]
[PlyCount "43"]
[GameId "2160767910965432"]
[EventDate "2005.03.18"]
[EventType "swiss"]
[EventRounds "5"]
[EventCountry "CAN"]
[SourceTitle "EXT 2006"]
[Source "ChessBase"]
[SourceDate "2005.11.24"]
[SourceVersion "1"]
[SourceVersionDate "2005.11.24"]
[SourceQuality "1"]

1. e4 c5 2. c3 Nf6 3. e5 Nd5 4. d4 cxd4 5. Nf3 Nc6 6. Bc4 Nb6 7. Bb3 d5 8. exd6 Qxd6 9. O-O Be6 10. Na3 Bxb3 11. Qxb3 e6 12. Nb5 Qd7 13. Nbxd4 Nxd4 14. Nxd4 Bc5 15. Be3 Bxd4 16. Bxd4 Qc6 17. Bxb6 Qxb6 18. Qxb6 axb6 19. Rfd1 Ke7 20. Kf1 Rhd8 21. Rxd8 Rxd8 22. Ke2 1/2-1/2

[Event "Mauricie op"]
[Site "Trois-Rivieres CAN"]
[Date "2005.03.20"]
[Round "4"]
[White "Larochelle, Martial"]
[Black "Malek, Omid"]
[Result "1-0"]
[WhiteElo "2213"]
[BlackElo "2016"]
[PlyCount "83"]
[GameId "2160767910965434"]
[EventDate "2005.03.18"]
[EventType "swiss"]
[EventRounds "5"]
[EventCountry "CAN"]
[SourceTitle "EXT 2006"]
[Source "ChessBase"]
[SourceDate "2005.11.24"]
[SourceVersion "1"]
[SourceVersionDate "2005.11.24"]
[SourceQuality "1"]

1. c4 c6 2. Nf3 d5 3. b3 Nf6 4. g3 Nbd7 5. Bb2 e6 6. Bg2 Be7 7. O-O O-O 8. Nc3 b6 9. d4 Bb7 10. Rc1 Rc8 11. e3 Qc7 12. Qe2 Qb8 13. Rfd1 Qa8 14. Ne5 Rfd8 15. f4 Nf8 16. h3 c5 17. Ba3 Re8 18. dxc5 Bxc5 19. Bxc5 Rxc5 20. b4 Rcc8 21. Nb5 Qb8 22. c5 bxc5 23. bxc5 Ba6 24. a4 N6d7 25. Nxd7 Nxd7 26. c6 Nb6 27. Bf1 Nxa4 28. c7 Qb6 29. Rd4 Nc5 30. Rb4 Ne4 31. Qe1 e5 32. Nd4 Qa5 33. Nc6 Qa2 34. Ra1 Qc2 35. Bxa6 Rxc7 36. Rc1 Qa2 37. Bd3 Qa3 38. Bxe4 dxe4 39. Rxe4 f5 40. Rxe5 Rb8 41. Qc3 Rb3 42. Qc4+ 1-0

[Event "Mauricie op"]
[Site "Trois-Rivieres CAN"]
[Date "2005.03.20"]
[Round "4"]
[White "Masse, Hugues"]
[Black "Poirier, Erik"]
[Result "1-0"]
[WhiteElo "2217"]
[BlackElo "2107"]
[PlyCount "79"]
[GameId "2160767910965435"]
[EventDate "2005.03.18"]
[EventType "swiss"]
[EventRounds "5"]
[EventCountry "CAN"]
[SourceTitle "EXT 2006"]
[Source "ChessBase"]
[SourceDate "2005.11.24"]
[SourceVersion "1"]
[SourceVersionDate "2005.11.24"]
[SourceQuality "1"]

1. d4 Nf6 2. c4 e6 3. Nc3 Bb4 4. Qc2 O-O 5. a3 Bxc3+ 6. Qxc3 b6 7. Bg5 Bb7 8. e3 h6 9. Bh4 d6 10. Ne2 Nbd7 11. Qd3 c5 12. Nc3 Qc7 13. f3 cxd4 14. Qxd4 d5 15. cxd5 Nxd5 16. Nxd5 Bxd5 17. Bg3 Qc5 18. Qxc5 Nxc5 19. b4 Na4 20. Bb5 Nc3 21. Ba6 Rfd8 22. Be5 Na4 23. e4 f6 24. Bg3 Bc6 25. Rc1 Nb2 26. O-O Ba4 27. Bb7 Bb5 28. Bxa8 Bxf1 29. Kxf1 Rxa8 30. b5 a6 31. bxa6 Rxa6 32. Bd6 Nd3 33. Rc8+ Kf7 34. Rc7+ Kg6 35. Bf8 Nc5 36. Rxg7+ Kh5 37. Be7 Nd7 38. Bb4 Ne5 39. h3 Nc6 40. Be1 1-0

[Event "Mauricie op"]
[Site "Trois-Rivieres CAN"]
[Date "2005.03.20"]
[Round "4"]
[White "Pepin, Christian"]
[Black "Sicotte, Marc"]
[Result "0-1"]
[WhiteElo "2019"]
[BlackElo "1880"]
[PlyCount "96"]
[GameId "2160767910965436"]
[EventDate "2005.03.18"]
[EventType "swiss"]
[EventRounds "5"]
[EventCountry "CAN"]
[SourceTitle "EXT 2006"]
[Source "ChessBase"]
[SourceDate "2005.11.24"]
[SourceVersion "1"]
[SourceVersionDate "2005.11.24"]
[SourceQuality "1"]

1. e4 c5 2. Nc3 Nc6 3. g3 g6 4. Bg2 Bg7 5. f4 e6 6. Nf3 Nge7 7. O-O d5 8. e5 O-O 9. d3 a6 10. Ne2 f6 11. exf6 Bxf6 12. c3 Qb6 13. h3 Bd7 14. Kh2 Bg7 15. Qb3 Qxb3 16. axb3 d4 17. Bd2 Nd5 18. Ng5 a5 19. Ne4 b6 20. Nd6 Rab8 21. f5 Be5 22. fxe6 Bxe6 23. Nc4 Bc7 24. Rxf8+ Rxf8 25. Re1 Bf7 26. Bh6 Re8 27. Be4 dxc3 28. bxc3 Ne5 29. Rf1 Nxc4 30. bxc4 Ne7 31. Nf4 Be5 32. Ne2 Be6 33. Rb1 Rb8 34. Kg2 Bf5 35. Bxf5 Nxf5 36. Bf4 Bxf4 37. Nxf4 Ne7 38. Kf3 Kf7 39. g4 g5 40. Nd5 Nxd5 41. cxd5 b5 42. Ke4 b4 43. Ke3 b3 44. Kd2 a4 45. Ra1 a3 46. Rf1+ Ke7 47. Kc1 b2+ 48. Kb1 Rb3 0-1

[Event "Mauricie op"]
[Site "Trois-Rivieres CAN"]
[Date "2005.03.20"]
[Round "4"]
[White "Plante, Rejean"]
[Black "Sauve, Richard"]
[Result "1-0"]
[WhiteElo "2100"]
[BlackElo "2003"]
[PlyCount "35"]
[GameId "2160767910965437"]
[EventDate "2005.03.18"]
[EventType "swiss"]
[EventRounds "5"]
[EventCountry "CAN"]
[SourceTitle "EXT 2006"]
[Source "ChessBase"]
[SourceDate "2005.11.24"]
[SourceVersion "1"]
[SourceVersionDate "2005.11.24"]
[SourceQuality "1"]

1. d4 e6 2. c4 d5 3. Nf3 c6 4. Qc2 Nd7 5. Bf4 Ngf6 6. Nbd2 Be7 7. e3 O-O 8. h3 Re8 9. Bd3 Nf8 10. g4 Qa5 11. c5 b6 12. Ne5 Bb7 13. b4 Qxb4 14. O-O b5 15. a4 Qa5 16. axb5 Qd8 17. bxc6 Bc8 18. Bb5 1-0

[Event "Mauricie op"]
[Site "Trois-Rivieres CAN"]
[Date "2005.03.20"]
[Round "4"]
[White "Prahov, Valentin"]
[Black "Picard, Jean"]
[Result "0-1"]
[WhiteElo "2221"]
[BlackElo "1991"]
[PlyCount "34"]
[GameId "2160767910965438"]
[EventDate "2005.03.18"]
[EventType "swiss"]
[EventRounds "5"]
[EventCountry "CAN"]
[SourceTitle "EXT 2006"]
[Source "ChessBase"]
[SourceDate "2005.11.24"]
[SourceVersion "1"]
[SourceVersionDate "2005.11.24"]
[SourceQuality "1"]

1. e4 e5 2. Nf3 Nc6 3. Bc4 Nf6 4. Ng5 d5 5. exd5 b5 6. Bf1 Nd4 7. c3 Nxd5 8. cxd4 Qxg5 9. Bxb5+ Kd8 10. Qf3 e4 11. Qxe4 Bd6 12. O-O Bb7 13. d3 Bxh2+ 14. Kh1 Bf4 15. Kg1 Bxc1 16. Na3 Nf4 17. Bc6 Bxc6 0-1

[Event "Mauricie op"]
[Site "Trois-Rivieres CAN"]
[Date "2005.03.20"]
[Round "5"]
[White "Berube, Antoine"]
[Black "Fortier, Marc-Andre"]
[Result "1-0"]
[WhiteElo "2089"]
[BlackElo "2130"]
[PlyCount "109"]
[GameId "2160767910965439"]
[EventDate "2005.03.18"]
[EventType "swiss"]
[EventRounds "5"]
[EventCountry "CAN"]
[SourceTitle "EXT 2006"]
[Source "ChessBase"]
[SourceDate "2005.11.24"]
[SourceVersion "1"]
[SourceVersionDate "2005.11.24"]
[SourceQuality "1"]

1. d4 g6 2. c4 Bg7 3. e4 d6 4. Nc3 Nd7 5. Be3 e5 6. d5 Ne7 7. g4 h6 8. Qd2 Nc5 9. f3 a5 10. Nge2 Bd7 11. Nc1 b6 12. Nd3 g5 13. O-O-O Ng6 14. Nxc5 bxc5 15. Bd3 Qb8 16. Ne2 Nf4 17. h4 f6 18. Ng3 Kf7 19. hxg5 fxg5 20. Nh5 Qb4 21. Bxf4 exf4 22. Nxg7 Kxg7 23. Rh2 Rab8 24. Re1 Qxd2+ 25. Rxd2 Kf6 26. Rh2 Rbe8 27. Reh1 Kg7 28. Kc2 Re7 29. Kb3 Be8 30. Bc2 h5 31. gxh5 Rh6 32. Ka3 Kf6 33. Ba4 Bf7 34. Bb5 Re5 35. Ka4 g4 36. fxg4 Rxe4 37. Kxa5 Rh8 38. Ka6 Re7 39. h6 Kg5 40. Bc6 Bg6 41. Kb7 f3 42. a4 Bd3 43. b3 Rf7 44. a5 Kxg4 45. a6 Bf5 46. Rg1+ Kf4 47. Rh4+ Ke3 48. Re1+ Kd2 49. Re8 Rxe8 50. Bxe8 Rf8 51. a7 Rxe8 52. a8=Q Rxa8 53. Kxa8 Ke3 54. Kb7 f2 55. Rh1 1-0

[Event "Mauricie op"]
[Site "Trois-Rivieres CAN"]
[Date "2005.03.20"]
[Round "5"]
[White "Gilbert, Erick"]
[Black "Auger, Bertrand"]
[Result "1-0"]
[WhiteElo "1921"]
[BlackElo "1902"]
[PlyCount "51"]
[GameId "2160767910965441"]
[EventDate "2005.03.18"]
[EventType "swiss"]
[EventRounds "5"]
[EventCountry "CAN"]
[SourceTitle "EXT 2006"]
[Source "ChessBase"]
[SourceDate "2005.11.24"]
[SourceVersion "1"]
[SourceVersionDate "2005.11.24"]
[SourceQuality "1"]

1. Nf3 Nf6 2. d4 b6 3. e3 e6 4. Bd3 Bb7 5. Nbd2 d5 6. Ne5 Bd6 7. f4 O-O 8. O-O Nbd7 9. b3 Rc8 10. Rf3 Ne4 11. Rh3 Ndf6 12. Ndf3 h6 13. g4 Nh7 14. g5 hxg5 15. Rxh7 f6 16. Nxg5 Qe8 17. Ngf7 g6 18. Nxd6 cxd6 19. Rxb7 fxe5 20. dxe5 dxe5 21. Bb2 Qc6 22. Rxa7 Qc5 23. Qf3 Rxf4 24. b4 Rxf3 25. bxc5 Rxc5 26. Bxe5 1-0

[Event "Mauricie op"]
[Site "Trois-Rivieres CAN"]
[Date "2005.03.20"]
[Round "5"]
[White "Plante, Rejean"]
[Black "Larochelle, Martial"]
[Result "1-0"]
[WhiteElo "2100"]
[BlackElo "2213"]
[PlyCount "43"]
[GameId "2160767910965443"]
[EventDate "2005.03.18"]
[EventType "swiss"]
[EventRounds "5"]
[EventCountry "CAN"]
[SourceTitle "EXT 2006"]
[Source "ChessBase"]
[SourceDate "2005.11.24"]
[SourceVersion "1"]
[SourceVersionDate "2005.11.24"]
[SourceQuality "1"]

1. c4 g6 2. Nc3 c5 3. g3 Bg7 4. Bg2 Nc6 5. Nf3 e5 6. d3 Nge7 7. O-O O-O 8. Bg5 f6 9. Be3 d6 10. Ne1 Be6 11. Nd5 Bxd5 12. cxd5 Nb8 13. Rb1 a5 14. Qb3 Qc7 15. Nc2 Na6 16. Na3 Rfb8 17. Nb5 Qd7 18. Rfc1 Kh8 19. Qc4 Nc7 20. Nxd6 Qxd6 21. Bxc5 Qd7 22. Bxe7 1-0

[Event "Mauricie op"]
[Site "Trois-Rivieres CAN"]
[Date "2005.03.20"]
[Round "5"]
[White "Robichaud, Louis"]
[Black "Masse, Hugues"]
[Result "0-1"]
[WhiteElo "2112"]
[BlackElo "2217"]
[PlyCount "64"]
[GameId "2160767910965444"]
[EventDate "2005.03.18"]
[EventType "swiss"]
[EventRounds "5"]
[EventCountry "CAN"]
[SourceTitle "EXT 2006"]
[Source "ChessBase"]
[SourceDate "2005.11.24"]
[SourceVersion "1"]
[SourceVersionDate "2005.11.24"]
[SourceQuality "1"]

1. e4 e5 2. Nf3 Nc6 3. Bb5 a6 4. Ba4 Nf6 5. O-O b5 6. Bb3 Bb7 7. c3 Nxe4 8. Re1 d5 9. d3 Nc5 10. d4 Nxb3 11. Nxe5 Nxe5 12. Rxe5+ Be7 13. axb3 O-O 14. b4 Bd6 15. Re1 Qh4 16. g3 Qh3 17. Be3 Rae8 18. Qd3 Bc8 19. Nd2 h5 20. Qf1 Qf5 21. f4 h4 22. Nf3 hxg3 23. hxg3 f6 24. Nh4 Qh5 25. Qf3 Bg4 26. Qg2 Re4 27. Qh2 Rfe8 28. Qd2 g5 29. Ng2 Bf3 30. Kf2 Bxg2 31. Kxg2 gxf4 32. gxf4 Bxf4 0-1

[Event "Mauricie op"]
[Site "Trois-Rivieres CAN"]
[Date "2005.03.20"]
[Round "5"]
[White "Sauve, Richard"]
[Black "Campbell, Martin-Alexandre"]
[Result "1-0"]
[WhiteElo "2003"]
[BlackElo "1746"]
[PlyCount "87"]
[GameId "2160767910965445"]
[EventDate "2005.03.18"]
[EventType "swiss"]
[EventRounds "5"]
[EventCountry "CAN"]
[SourceTitle "EXT 2006"]
[Source "ChessBase"]
[SourceDate "2005.11.24"]
[SourceVersion "1"]
[SourceVersionDate "2005.11.24"]
[SourceQuality "1"]

1. d4 d5 2. c4 e6 3. Nc3 Nf6 4. cxd5 Nxd5 5. e4 Nxc3 6. bxc3 c5 7. Nf3 cxd4 8. cxd4 Bb4+ 9. Bd2 Bxd2+ 10. Qxd2 O-O 11. Be2 b6 12. O-O Bb7 13. Qe3 Nd7 14. Rac1 Rc8 15. Nd2 Nf6 16. f3 Rc7 17. Nb3 Qd7 18. Bb5 Qe7 19. Rxc7 Qxc7 20. Rc1 Qe7 21. Qc3 a6 22. Bd3 Rc8 23. Qd2 Rxc1+ 24. Qxc1 g6 25. Qf4 a5 26. Qb8+ Kg7 27. Qa7 Qc7 28. Ba6 Qc3 29. Qxb7 Qe1+ 30. Bf1 Qe3+ 31. Kh1 Nh5 32. Qc7 Qf2 33. Qc1 Qxa2 34. Nd2 Qa4 35. Qb2 Qd1 36. d5+ Kh6 37. d6 Nf6 38. Qxf6 Qxd2 39. Qh4+ Kg7 40. e5 g5 41. Qc4 Qd1 42. Qd3 Qxd3 43. Bxd3 Kf8 44. Bb5 1-0

[Event "Mauricie op"]
[Site "Trois-Rivieres CAN"]
[Date "2005.03.20"]
[Round "5"]
[White "Sicotte, Marc"]
[Black "Prahov, Valentin"]
[Result "1-0"]
[WhiteElo "1880"]
[BlackElo "2221"]
[PlyCount "44"]
[GameId "2160767910965446"]
[EventDate "2005.03.18"]
[EventType "swiss"]
[EventRounds "5"]
[EventCountry "CAN"]
[SourceTitle "EXT 2006"]
[Source "ChessBase"]
[SourceDate "2005.11.24"]
[SourceVersion "1"]
[SourceVersionDate "2005.11.24"]
[SourceQuality "1"]

1. e4 c5 2. Nf3 e6 3. d4 cxd4 4. Nxd4 Nf6 5. Nc3 Nc6 6. Bg5 Qa5 7. Bxf6 gxf6 8. Ndb5 Bb4 9. a3 Bxc3+ 10. Nxc3 Rg8 11. Qd2 Qg5 12. f4 Qa5 13. O-O-O a6 14. f5 b5 15. Qh6 Ke7 16. Nd5+ exd5 17. exd5 d6 18. dxc6 Rg5 19. Bd3 Bxf5 20. h4 Bxd3 21. hxg5 Bg6 22. Rhe1+ Kd8 1-0

[Event "Mauricie op U1400"]
[Site "Trois Rivieres CAN"]
[Date "2005.03.19"]
[Round "3"]
[White "Ouimet, Alain"]
[Black "Lemire Paquin, Sebastien"]
[Result "1-0"]
[WhiteElo "1337"]
[BlackElo "1252"]
[PlyCount "33"]
[GameId "2160767910965589"]
[EventDate "2005.03.??"]
[EventType "swiss"]
[EventRounds "5"]
[EventCountry "CAN"]
[SourceTitle "EXT 2006"]
[Source "ChessBase"]
[SourceDate "2005.11.24"]
[SourceVersion "1"]
[SourceVersionDate "2005.11.24"]
[SourceQuality "1"]

1. e4 e5 2. Nf3 Nc6 3. Bc4 Bc5 4. c3 Nf6 5. d4 exd4 6. cxd4 Bb4+ 7. Nc3 Nxe4 8. Qb3 Bxc3+ 9. bxc3 O-O 10. O-O Na5 11. Bxf7+ Kh8 12. Qd5 Nxc3 13. Qh5 Qf6 14. Ne5 Rxf7 15. Nxf7+ Kg8 16. Re1 Kf8 17. Ba3+ 1-0

[Event "Mauricie op U1800"]
[Site "Trois Rivieres CAN"]
[Date "2005.03.18"]
[Round "1"]
[White "Keep, Richard"]
[Black "Grenier, Jean-Pierre"]
[Result "1/2-1/2"]
[WhiteElo "1615"]
[BlackElo "1531"]
[PlyCount "85"]
[GameId "2160767910965447"]
[EventDate "2005.03.18"]
[EventType "swiss"]
[EventRounds "5"]
[EventCountry "CAN"]
[SourceTitle "EXT 2022"]
[Source "ChessBase"]
[SourceDate "2021.10.06"]
[SourceVersion "1"]
[SourceVersionDate "2021.10.06"]
[SourceQuality "1"]

1. e4 c5 2. Bc4 e6 3. Bb3 Nc6 4. d3 Nge7 5. f4 Nd4 6. Nf3 Nec6 7. O-O Be7 8. Be3 O-O 9. c4 d6 10. Nc3 a6 11. Ne2 e5 12. f5 Kh8 13. g4 Nxf3+ 14. Rxf3 Bg5 15. Qd2 h6 16. Rh3 f6 17. Kg2 a5 18. Ba4 Nd4 19. Rh1 Kg8 20. Rg3 b5 21. Bxb5 Nxb5 22. cxb5 d5 23. h4 Bxe3 24. Qxe3 dxe4 25. dxe4 Bb7 26. g5 fxg5 27. hxg5 hxg5 28. Rgh3 Rc8 29. Qb3+ c4 30. Qe3 Qd7 31. Nc3 Rxf5 32. Rh8+ Kf7 33. Rxc8 Qxc8 34. Rf1 Rf4 35. Qe2 Kg6 36. Kg3 Rh4 37. Kg2 Qh8 38. Qf3 Rf4 39. Qg3 Rxf1 40. Kxf1 Qf8+ 41. Qf2 Qf4 42. Ke2 Qg4+ 43. Qf3 1/2-1/2

[Event "Mauricie op U1800"]
[Site "Trois Rivieres CAN"]
[Date "2005.03.18"]
[Round "1"]
[White "Mercier, Andre"]
[Black "Gauthier, Luc"]
[Result "1-0"]
[WhiteElo "1777"]
[BlackElo "1714"]
[PlyCount "79"]
[GameId "2160767910965448"]
[EventDate "2005.03.18"]
[EventType "swiss"]
[EventRounds "5"]
[EventCountry "CAN"]
[SourceTitle "EXT 2022"]
[Source "ChessBase"]
[SourceDate "2021.10.06"]
[SourceVersion "1"]
[SourceVersionDate "2021.10.06"]
[SourceQuality "1"]

1. d4 d5 2. c4 Nc6 3. e3 e5 4. dxe5 d4 5. exd4 Qxd4 6. Nf3 Qxd1+ 7. Kxd1 Bg4 8. Bf4 Bxf3+ 9. gxf3 O-O-O+ 10. Kc1 Nge7 11. Bg3 Nd4 12. f4 Nec6 13. Nc3 Be7 14. Nd5 Kb8 15. Bd3 Nb4 16. Rd1 Nxd3+ 17. Rxd3 Nf5 18. Kc2 c6 19. Nxe7 Nxe7 20. Rxd8+ Rxd8 21. Bh4 Rd7 22. Bxe7 Rxe7 23. Re1 g6 24. h4 h5 25. Rd1 Kc7 26. Rd6 Re6 27. c5 Kc8 28. b4 Kc7 29. Kd3 Re7 30. Ke4 f5+ 31. Kd4 Rd7 32. Kc3 Rxd6 33. exd6+ Kd7 34. a4 b6 35. a5 bxa5 36. bxa5 a6 37. f3 Ke6 38. Kd4 Kf6 39. d7 Ke7 40. Ke5 1-0